Schweizer Städte - Karten-Quiz - Statistiken

Allgemein
  • Dieses Quiz wurde 2.265 mal gespielt
  • Das Durchschnittsergebnis liegt bei 11 aus 18
Antworten auf der Karte
Die Antworten werden auf der Karte rot bzw. grün angezeigt, abhängig davon wie oft sie richtig erraten wurden.
 
Antwortstatistiken
Antwort % Korrekt
Basel
83%
Genf
82%
Zürich
76%
Lugano
73%
Schaffhausen
71%
Bern
67%
Lausanne
66%
St. Gallen
65%
Luzern
60%
St. Moritz
56%
Chur
53%
Freiburg
53%
Aarau
52%
Glarus
48%
Neuenburg
46%
Sitten
46%
Biel
43%
Thun
42%
Keine übereinstimmenden Quizze gefunden
Verteilung der Resultate
Anzahl Personen mit jedem Resultat
Perzentil nach korrekt beantworteten Fragen
Ihre Resultats-Entwicklung
Sie haben dieses Quiz noch nicht gespielt